Rediseño de los procesos sustantivos de mantenimiento industrial en la Cooperativa Dos Pinos R.L

Gespeichert in:
Bibliographische Detailangaben
1. Verfasser: Bermúdez Elizondo, Damaris, 1990-
Weitere Verfasser: Maroto Herrera, Melissa, 1992-, Robleto Jerez, Johann, 1994-, Fernández Mora, Yendry Directora del TFG
Format: Buch
Sprache:Spanish
Veröffentlicht: [San José , Costa Rica] 2017
Schlagworte:
Tags: Tag hinzufügen
Keine Tags, Fügen Sie den ersten Tag hinzu!

MARC

LEADER 00000nam a22000007a 4500
003 012593
005 20240209103506.0
008 170504b2017 cr a|||| m||| 00| ||spa d
040 |c cru CEDI 
100 |a Bermúdez Elizondo, Damaris, 1990-  |9 2392 
245 |a Rediseño de los procesos sustantivos de mantenimiento industrial en la Cooperativa Dos Pinos R.L 
260 |a [San José , Costa Rica]  |c 2017 
300 |a xiv,241 hojas; ilustraciones a color 
500 |a Proyecto de graduación (licenciatura en ingeniería industrial)--Universidad de Costa Rica. Facultad de Ingeniería. Escuela de Ingeniería Industrial 
501 |a Directora de Proyecto de Graduación: Inga. Yendry, Fernández Mora 
650 |x REINGENIERIA (ADMINISTRACION)   |x ADMINISTRACION INDUSTRIAL - COSTA RICA  |x CONTROL DE PROCESOS  |x RENDIMIENTO INDUSTRIAL   |9 8166 
700 |a Maroto Herrera, Melissa, 1992-  |9 2393 
700 |a Robleto Jerez, Johann, 1994-  |9 2394 
700 |9 566  |a Fernández Mora, Yendry  |d Directora del TFG 
942 |c CEDI  |h TFG 7744  |i 012593  |6 TFG_7744_012593000000000 
999 |c 18281  |d 18281